Online
Catalog

Comportamiento del consumidor / (Record no. 1705)

MARC details
000 -CABECERA
campo de control de longitud fija 01238nam a2200337 a 4500
001 - NÚMERO DE CONTROL
campo de control 000001828
005 - FECHA Y HORA DE LA ÚLTIMA TRANSACCIÓN
campo de control 20200929145723.0
008 - DATOS DE LONGITUD FIJA--INFORMACIÓN GENERAL
campo de control de longitud fija 090629s1999 mx a 001 0 spa d
020 ## - NÚMERO INTERNACIONAL ESTÁNDAR DEL LIBRO
Número Internacional Estándar del Libro 968752958X
040 ## - FUENTE DE LA CATALOGACIÓN
Centro catalogador/agencia de origen DO-SdBNP
082 ## - NÚMERO DE LA CLASIFICACIÓN DECIMAL DEWEY
Número de clasificación 658.8342
Número de documento/Ítem A844c, 1999
049 ## - FONDOS LOCALES (OCLC)
Fondos de biblioteca BNPD
100 1# - ENTRADA PRINCIPAL--NOMBRE DE PERSONA
Nombre de persona Assael, Henry
9 (RLIN) 5947
245 10 - MENCIÓN DE TÍTULO
Título Comportamiento del consumidor /
Mención de responsabilidad, etc. Henry Assael ; tradución Carmen Aspe Solórzano ; revisión técnica Clayna Camacho Arias, Eduardo Esteva Armida.
246 1# - FORMA VARIANTE DE TÍTULO
Título propio/Titulo breve Consumer behavior and marketing action
250 ## - MENCIÓN DE EDICIÓN
Mención de edición 6a ed.
260 ## - PUBLICACIÓN, DISTRIBUCIÓN, ETC.
Lugar de publicación, distribución, etc. México, :
Nombre del editor, distribuidor, etc. International Thomson,
Fecha de publicación, distribución, etc. 1999.
300 ## - DESCRIPCIÓN FÍSICA
Extensión 684 p. :
Otras características físicas il. ;
Dimensiones 27 cm.
500 ## - NOTA GENERAL
Nota general Incluye índice
500 ## - NOTA GENERAL
Nota general Incluye glosario y notas
534 ## - NOTA SOBRE LA VERSIÓN ORIGINAL
Frase introductoria Título original:
Mención de título del original Consumer behavior and marketing action
650 #4 - PUNTO DE ACCESO ADICIONAL DE MATERIA--TÉRMINO DE MATERIA
Término de materia o nombre geográfico como elemento de entrada Comportamiento del consumidor
9 (RLIN) 5948
650 #4 - PUNTO DE ACCESO ADICIONAL DE MATERIA--TÉRMINO DE MATERIA
Término de materia o nombre geográfico como elemento de entrada Consumidores
9 (RLIN) 5949
650 #4 - PUNTO DE ACCESO ADICIONAL DE MATERIA--TÉRMINO DE MATERIA
Término de materia o nombre geográfico como elemento de entrada Consumidores
Subdivisión general Aspectos psicológicos
9 (RLIN) 5950
650 #4 - PUNTO DE ACCESO ADICIONAL DE MATERIA--TÉRMINO DE MATERIA
Término de materia o nombre geográfico como elemento de entrada Consumidores
Subdivisión general Actitudes
9 (RLIN) 5951
650 #4 - PUNTO DE ACCESO ADICIONAL DE MATERIA--TÉRMINO DE MATERIA
Término de materia o nombre geográfico como elemento de entrada Administración de las ventas
9 (RLIN) 5952
700 1# - PUNTO DE ACCESO ADICIONAL--NOMBRE DE PERSONA
Nombre de persona Aspe Solórzano, Carme,
Término indicativo de función/relación tr.
9 (RLIN) 5953
700 1# - PUNTO DE ACCESO ADICIONAL--NOMBRE DE PERSONA
Nombre de persona Camacho Arias, Clayna
9 (RLIN) 5954
700 1# - PUNTO DE ACCESO ADICIONAL--NOMBRE DE PERSONA
Nombre de persona Esteva Armida, Eduardo
9 (RLIN) 5955
910 ## - DATOS DE OPCIÓN DEL USUARIO (OCLC)
Datos de opción del usuario Validado. Control de calidad BNPHU
999 99 - NÚMEROS DE CONTROL DE SISTEMA (KOHA)
-- 0000307
Holdings
Estado de retiro Estado de pérdida Restricciones de uso No para préstamo Código de colección Localización permanente Ubicación/localización actual Ubicación en estantería Fecha de adquisición Número de inventario Total de préstamos Signatura topográfica completa Código de barras Fecha visto por última vez Precio válido a partir de Tipo de ítem Koha
    Préstamo interno   Monografías: Libros y Folletos General General En catalogación 29.06.2009 LF1   A844c, 1999 658.8342 1828-10 25.06.2020 25.06.2020 Préstamo interno

Powered by Koha